00735nam a2200181 a 4500003000200000005001700002008004100019050003400060100002600094245007800120260009200198300004600290504004100336650004100377650003300418650003900451650006300490020250310145657.0080827s19uu xx 00 eng d aPGS LB 1050.5.I58b.M685 2008 aMizukoshi, Lika Paez. aEffects of C.I.B.E.R. on students' reading skills /cLika Paez Mizukoshi. aLas Piñas City, Philippines : bSouthville International School and Colleges,c2008. a27 pages : billustrations ; c28 cm.  aIncludes bibliographical references. aReading comprehension vEvaluation.  aReading vRemedial teaching. aReading programs vEffectiveness.  aEducational tests and measurements vPretest and posttest.